Principles of prayer / (Record no. 5880)
[ view plain ]
| 000 -LEADER | |
|---|---|
| fixed length control field | 00848cam a2200265 i 4500 |
| 001 - CONTROL NUMBER | |
| control field | 6423378 |
| 003 - CONTROL NUMBER IDENTIFIER | |
| control field | OSt |
| 005 - DATE AND TIME OF LATEST TRANSACTION | |
| control field | 20190110151826.0 |
| 008 - FIXED-LENGTH DATA ELEMENTS--GENERAL INFORMATION | |
| fixed length control field | 800530s1980 mnu b 000 0 eng |
| 010 ## - LIBRARY OF CONGRESS CONTROL NUMBER | |
| LC control number | 80017856 //r88 |
| 020 ## - INTERNATIONAL STANDARD BOOK NUMBER | |
| International Standard Book Number | 0871234688 : |
| Terms of availability | 3.95 |
| 040 ## - CATALOGING SOURCE | |
| Original cataloging agency | DLC |
| Transcribing agency | DLC |
| Modifying agency | m.c. |
| -- | OBE |
| 050 1# - LIBRARY OF CONGRESS CALL NUMBER | |
| Classification number | BV213 |
| Item number | .F56 1980 |
| 082 ## - DEWEY DECIMAL CLASSIFICATION NUMBER | |
| Classification number | 248.3 |
| Item number | F514P |
| 099 ## - LOCAL FREE-TEXT CALL NUMBER (OCLC) | |
| Classification number | BV213.F56 1980 |
| 100 1# - MAIN ENTRY--PERSONAL NAME | |
| Personal name | Finney, Charles G., |
| Dates associated with a name | 1792-1875 |
| 245 10 - TITLE STATEMENT | |
| Title | Principles of prayer / |
| Statement of responsibility, etc. | Charles G. Finney ; compiled & edited by Louis Gifford Parkhurst, Jr |
| 260 ## - PUBLICATION, DISTRIBUTION, ETC. | |
| Place of publication, distribution, etc. | Minneapolis, Minn. : |
| Name of publisher, distributor, etc. | Bethany House, |
| Date of publication, distribution, etc. | c1980 |
| 300 ## - PHYSICAL DESCRIPTION | |
| Extent | 112 p. ; |
| Dimensions | 21 cm |
| 504 ## - BIBLIOGRAPHY, ETC. NOTE | |
| Bibliography, etc. note | Bibliography: p. 112 |
| 650 #0 - SUBJECT ADDED ENTRY--TOPICAL TERM | |
| Topical term or geographic name entry element | Prayer |
| General subdivision | Christianity |
| -- | Meditations |
| 690 ## - LOCAL SUBJECT ADDED ENTRY--TOPICAL TERM (OCLC, RLIN) | |
| Topical term or geographic name as entry element | Oberlin College author |
| General subdivision | Administration |
| -- | Finney, Charles G |
| 700 1# - ADDED ENTRY--PERSONAL NAME | |
| Personal name | Parkhurst, Louis Gifford, |
| Dates associated with a name | 1946- |
| 942 ## - ADDED ENTRY ELEMENTS (KOHA) | |
| Source of classification or shelving scheme | Dewey Decimal Classification |
| Koha item type | Books |
| Withdrawn status | Lost status | Source of classification or shelving scheme | Damaged status | Not for loan | Collection code | Home library | Current library | Shelving location | Date acquired | Cost, normal purchase price | Total Checkouts | Full call number | Barcode | Date last seen | Price effective from | Koha item type |
|---|---|---|---|---|---|---|---|---|---|---|---|---|---|---|---|---|
| Dewey Decimal Classification | Non-fiction | Harvest Mission College | Harvest Mission College | General Stacks | 10.01.2019 | 350.00 | 248.3 F514P | 006632 | 10.01.2019 | 10.01.2019 | Books | |||||
| Dewey Decimal Classification | Non-fiction | Harvest Mission College | Harvest Mission College | General Stacks | 10.01.2019 | 350.00 | 248.3 F514P | 012171 | 01.03.2021 | 10.01.2019 | Books |
